| 000 | 00631nam a2200217 i 4500 | ||
|---|---|---|---|
| 001 | 60788 | ||
| 003 | ES-MaACL | ||
| 005 | 20250822062528.0 | ||
| 007 | t| | ||
| 008 | 031106s1940 mx ||||1| spa d | ||
| 100 | 1 |
_aEstrada, Genaro. _948196 |
|
| 245 | 1 | 0 |
_aBibliografía de Goya / _cGenaro Estrada. |
| 250 | _a1ª ed. | ||
| 260 |
_aMéxico : _bLa Casa de España en México, _c1940 ( _fIndustrial Gráfica) |
||
| 300 |
_a117 p. ; _c25 cm. |
||
| 600 | 1 | 4 |
_aGoya, Francisco de, _d1746-1828 _9240353 |
| 655 | 7 |
_2tgfbne _9226825 _aBibliografías |
|
| 852 |
_aES-MaACL _jD-7186 _bR.30909 |
||
| 942 | _2udc | ||
| 999 |
_c60788 _d60788 |
||